| 000 | 00563nam a2200193Ia 4500 | ||
|---|---|---|---|
| 003 | OSt | ||
| 005 | 20240711112713.0 | ||
| 008 | 210210b1970 xxu||||| |||| 00| 0 eng d | ||
| 040 | _cAL | ||
| 041 | _aKannada | ||
| 082 | _aK894.3 PADP | ||
| 100 |
_aPADMANABHA SOMAYAJI. _9141684 _dಪದ್ಮನಾಭ ಸೋಮಯಾಜಿ |
||
| 245 |
_aPanditarajajagannatha. _bಪಂಡಿತರಾಜಜಗನ್ನಾಥ |
||
| 260 |
_aDharavada _bSamaja Pustakalaya _c1970 |
||
| 300 | _aiv,499 | ||
| 690 |
_aKannada Fiction _9141685 |
||
| 906 | _a028441 | ||
| 942 |
_2ddc _cBK |
||
| 999 |
_c79689 _d79689 |
||